| 000 | 00802nam a2200241Ia 4500 | ||
|---|---|---|---|
| 003 | OSt | ||
| 005 | 20220925204319.0 | ||
| 006 | a|||||r|||| 00| 0 | ||
| 007 | ta | ||
| 008 | 220923b |||||||| |||| 00| 0 eng d | ||
| 037 | _cGeneral Book | ||
| 040 |
_aRTL _cRTL _beng |
||
| 041 |
_2eng _aeng |
||
| 082 | _aD6,9(B), N4 | ||
| 110 |
_aUnited Nations Advisory Committee for the Coordination of Information systems _9268145 |
||
| 245 | 0 |
_aInternet _b An introductory guide for United Nations |
|
| 260 |
_aGeneva _bUnited Naitons _c1994 |
||
| 300 |
_aviii, 140p. _ccm. |
||
| 650 |
_aComputer Sicence _9244850 |
||
| 700 |
_aUnited Nations Advisory Committee for the Coordination of Information systems _9268146 |
||
| 942 |
_hD6,9(B), N4 _cGB _2CC |
||
| 999 |
_c549118 _d549118 |
||